Detalles MARC
| 000 -CABECERA |
| campo de control de longitud fija |
01134nam a22002297a 4500 |
| 003 - IDENTIFICADOR DEL NÚMERO DE CONTROL |
| campo de control |
BPGM |
| 008 - DATOS DE LONGITUD FIJA--INFORMACIÓN GENERAL |
| campo de control de longitud fija |
260619s mx a|||gr|||| 001 | SPA|| |
| 020 ## - NÚMERO INTERNACIONAL ESTÁNDAR DEL LIBRO |
| Número Internacional Estándar del Libro |
978-607-513-016-3 |
| 040 ## - FUENTE DE LA CATALOGACIÓN |
| Lengua de catalogación |
spa |
| 041 ## - CÓDIGO DE LENGUA |
| Código de lengua del texto/banda sonora o título independiente |
SPA |
| Código de lengua original |
SPA |
| 082 04 - NÚMERO DE LA CLASIFICACIÓN DECIMAL DEWEY |
| Número de edición |
PRIMERA EDICIÓN, JUNIO 2012 |
| Número de clasificación |
CQ / 972 / V37 |
| Número de documento/Ítem |
V37 |
| 100 ## - ENTRADA PRINCIPAL--NOMBRE DE PERSONA |
| Nombre de persona |
VASCONCELOS DUEÑAS, EMILIO |
| Títulos y otros términos asociados al nombre |
AUTOR |
| 245 ## - MENCIÓN DE TÍTULO |
| Título |
¡SUFRAGIO EFECTIVO, NO REELECCIÓN! |
| Resto del título |
A CIEN AÑOS VIGENTE |
| 260 ## - PUBLICACIÓN, DISTRIBUCIÓN, ETC. |
| Lugar de publicación, distribución, etc. |
QUERÉTARO, MÉXICO; |
| Nombre del editor, distribuidor, etc. |
UNIVERSIDAD AUTÓNOMA DE QUERÉTARO; |
| Fecha de publicación, distribución, etc. |
JUNIO 2012; |
| 300 ## - DESCRIPCIÓN FÍSICA |
| Extensión |
366 PÁGINAS; |
| Dimensiones |
21.5 CM X 17 CM |
| 336 ## - TIPO DE CONTENIDO |
| Fuente |
rdacontent |
| Término de tipo de contenido |
texto |
| Código de tipo de contenido |
txt |
| 337 ## - TIPO DE MEDIO |
| Fuente |
rdamedia |
| Nombre/término del tipo de medio |
sin mediación |
| Código del tipo de medio |
n |
| 338 ## - TIPO DE SOPORTE |
| Fuente |
rdacarrier |
| Nombre/término del tipo de soporte |
volumen |
| Código del tipo de soporte |
nc |
| 505 ## - NOTA DE CONTENIDO CON FORMATO |
| Nota de contenido con formato |
DESDE LA FUNDACIÓN DE LA MÍTICA TENOCHTITLAN, DONDE SE TRANSITA POR LA BÚSQUEDA DEL ÁGUILA REAL QUE LUCHA CON LA SERPIENTE DE CASCABEL, HASTA LOS CUESTIONABLES EVENTOS QUE SUPERFICIALMENTE CONMEMORARON GESTAS SUSTANTIVAS EN ESTO DE HACER DE MÉXICO UNA NACIÓN SÓLIDA, LIBRE Y DEMOCRÁTICA, ESTE LIBRO ES UN SOMERO RECORRIDO POR LOS ÚLTIMOS 685 AÑOS DE LA HISTORIA DE MÉXICO. |
| 650 ## - PUNTO DE ACCESO ADICIONAL DE MATERIA--TÉRMINO DE MATERIA |
| Término de materia o nombre geográfico como elemento de entrada |
HISTORIA DE MÉXICO |
| Subdivisión de forma |
972 |
| Subdivisión general |
900 |
| Subdivisión cronológica |
70 |
| Subdivisión geográfica |
2 |
| 942 ## - ELEMENTOS DE PUNTO DE ACCESO ADICIONAL (KOHA) |
| Fuente del sistema de clasificación o colocación |
Dewey Decimal Classification |
| Tipo de ítem Koha |
Colección Querétaro |